| 000 | 00498nam a22001817a 4500 | ||
|---|---|---|---|
| 003 | OSt | ||
| 005 | 20180410154755.0 | ||
| 008 | 161019b xxu||||| |||| 00| 0 eng d | ||
| 020 | _a0-440-20410-0 | ||
| 040 | _cCRI | ||
| 082 | _a428 | ||
| 100 | 1 |
_940178 _aMajor ,Kevin |
|
| 245 |
_aDear Bruce Springsteen _b: a novel _cKevin Major |
||
| 260 |
_aNew York _bDELL _c1987 |
||
| 300 |
_a134 _c17 cm. |
||
| 650 | 0 |
_93387 _aLengua inglesa _vLibros de texto para extranjeros |
|
| 942 |
_2ddc _cBK _hprozim |
||
| 999 |
_c26286 _d26286 |
||